MARC details
| 000 -LEADER |
| fixed length control field |
00943nam a2200217Ia 4500 |
| 003 - CONTROL NUMBER IDENTIFIER |
| control field |
IN-BaIIA |
| 008 - FIXED-LENGTH DATA ELEMENTS--GENERAL INFORMATION |
| fixed length control field |
211028s9999 xx 000 0 eng d |
| 040 ## - CATALOGING SOURCE |
| Transcribing agency |
IIA Library |
| 080 ## - UNIVERSAL DECIMAL CLASSIFICATION NUMBER |
| Universal Decimal Classification number |
524.7-77 |
| Item number |
LOW |
| 111 ## - MAIN ENTRY--MEETING NAME |
| Meeting name or jurisdiction name as entry element |
National Radio Astronomy Observatory Workshop |
| Location of meeting |
West Virginia |
| Date of meeting or treaty signing |
1982 Apr. 21-22 |
| 9 (RLIN) |
13413 |
| 245 #0 - TITLE STATEMENT |
| Title |
Low frequency variability of extragalactic radio sources |
| Remainder of title |
proceedings of the National radio astronomy observatory workshop held in Green Bank, West Virginia, April 21-22 1982 |
| Statement of responsibility, etc. |
edited by William D. Cotton |
| 260 ## - PUBLICATION, DISTRIBUTION, ETC. |
| Place of publication, distribution, etc. |
West Virginia |
| Name of publisher, distributor, etc. |
National Radio Astronomy Observatory |
| Date of publication, distribution, etc. |
1982 |
| 300 ## - PHYSICAL DESCRIPTION |
| Extent |
v, 152p. |
| 650 ## - SUBJECT ADDED ENTRY--TOPICAL TERM |
| Topical term or geographic name entry element |
Astronomy and astrophysics thesaurus |
| 650 ## - SUBJECT ADDED ENTRY--TOPICAL TERM |
| Topical term or geographic name entry element |
Extragalactic radio sources |
| 9 (RLIN) |
3899 |
| 650 ## - SUBJECT ADDED ENTRY--TOPICAL TERM |
| Topical term or geographic name entry element |
Quasars |
| 9 (RLIN) |
1096 |
| 650 ## - SUBJECT ADDED ENTRY--TOPICAL TERM |
| Topical term or geographic name entry element |
Radio galaxies |
| 9 (RLIN) |
6716 |
| 700 ## - ADDED ENTRY--PERSONAL NAME |
| Personal name |
Cotton, William D., ed. |
| 9 (RLIN) |
13414 |
| 710 ## - ADDED ENTRY--CORPORATE NAME |
| Corporate name or jurisdiction name as entry element |
National radio astronomy observatory |
| 9 (RLIN) |
7771 |
| 942 ## - ADDED ENTRY ELEMENTS (KOHA) |
| Koha item type |
Books |